| 000 | 00704nam a2200229Ia 4500 | ||
|---|---|---|---|
| 003 | IT-RoPAU | ||
| 008 | 120407s9999 xx 000 0 und d | ||
| 040 | _aIT-RoPAU | ||
| 040 | _cIT-RoPAU | ||
| 041 | _aita | ||
| 100 | _aClaudio Leonardi | ||
| 100 | _ccur. | ||
| 245 | _aCristo (Il). Testi teologici e spirituali. | ||
| 250 | _aMilano | ||
| 260 | _aMondadori - Fond. Valla | ||
| 260 | _c1985 | ||
| 300 | _c20 cm | ||
| 490 | _v1 | ||
| 600 | _a"Vol. 1 : Dal I al IV secolo. a cura di Antonio Orbe. p. 427 Vol. 2 : Dal IV al VII secolo. a cura di Manlio Simonetti. p. 656 Vol. 3 : Da Agostino ad Anselmo di Canterbury. a cura di Claudio Leonardi. p. 635" | ||
| 942 | _cBK | ||
| 999 |
_c23943 _d23943 |
||